000 01232nam a22002657a 4500
005 20170124102922.0
010 _aB-139334
020 _a8188463000
_c150.00
035 _aB-139334
037 _bCen Lib/Ret
040 _aDPL
_bHN
082 _a635
_2भाटिया
100 _aभाटिया, सुदर्शन
_9110000
245 _aसफल गृह-वाटिका :
_cसुदर्शन भाटिया
_bकिचन गार्डनिंग की सम्पूर्ण जानकारी /
246 _aSafal Grah-vatika : kitchen gardening ki sampurn jankari /
_bby Sudarshan Bhartia
260 _aदिल्ली
_bसुन्दर साहित्य सदन
_c2003
270 _aगली बेरी वाली , कूचा पातीराम
_bदिल्ली
_e110006
300 _a128पृ
_c19सेमी(सजिल्द)
500 _aग्रन्थ सूची शामिल
650 _aKitchen gardens
_9110001
650 _aVegetable gardening
_933948
650 _aरसोई उद्यान
_93679
650 _aवनस्पति उद्यान
_9110002
942 _2ddc
_cHN
_h635
_mभाटिया
999 _c111351
_d111351